Peliculas de Tim Burton - Estadísticas

Estadísticas generales
  • Esta prueba ha sido intentada 413 veces
  • La puntuación promedio es 7 de 19
Estadísticas de respuestas
Año Reparto Película % Correcto
1990 Johnny Depp, Winona Ryder Eduardo Manostijeras
73%
2010 Mia Wasikowska, Johnny Depp Alicia en el País de las Maravillas
64%
2005 Johnny Depp, Freddie Highmore Charlie y la Fabrica de Chocolate
58%
2005 Johnny Depp, Helena Bonham Carter La Novia Cadaver
54%
1989 Michael Keaton, Jack Nicholson Batman
52%
1992 Michael Keaton, Michelle Pfeifer Batman Vuelve
52%
2012 Martin Short, Winona Ryder Frankenweenie
39%
1999 Johnny Depp, Cristina Ricci Sleepy Hollow
39%
2003 Ewan McGregor, Albert Finney Big Fish
35%
1988 Michael Keaton, Alec Baldwin Bitelchus
30%
2007 Johnny Depp, Helena Bonham Carter Sweeney Todd
30%
2012 Johnny Depp, Eva Green Sombras Tenebrosas
29%
2016 Eva Green, Samuel L Jackson El Hogar de Miss Peregrine para Niños Peculiares
23%
2019 Michael Keaton, Colin Farrell Dumbo
20%
2014 Amy Adams, Christoph Waltz Big Eyes
19%
1994 Johnny Depp, Martin Landau Ed Wood
16%
2001 Mark Wahlberg, Tim Roth El Planeta de los Simios
14%
1985 Paul Reubens, Phil Hartman La Gran Aventura de Pee Wee
10%
1996 Jack Nicholson, Pierce Brosnan Mars Attacks
10%
No se encontraron pruebas coincidentes
Distribución de puntuación
Porcentaje de gente con cada puntuación
Porcentaje por número respondido
Historial de tus puntuaciones
No has intentado esta prueba.